000 00443nam a2200157 i 4500
001 81897
003 ES-MaACL
005 20230906174531.0
007 t|
008 041108q1961 sp af |||| | spa d
245 0 3 _aLa India de ayer y de hoy.
260 _aMadrid :
_bRevista Geográfica Española,
_c[1961] (
_fTip. AF)
300 _a180 p., 52 lám. :
_bil. ;
_c24 cm.
651 4 _aIndia-
_xCivilización.
_98837
852 _aES-MaACL
_jB-2171
999 _c81897
_d81897